000 00545nam a2200181 i 4500
001 102182
003 ES-MaACL
007 t|
008 051107s1928 fr ||||1| fre d
100 1 _aMendousse, Pierre.
_980237
245 1 2 _aL'ame de l'adolescente /
_cpar Pierre Mendousse.
260 _aParis :
_bFélix Alcan,
_c1928.
300 _aVIII, 328 p. ;
_c23 cm.
490 1 _aBibliothèque de philosophie contemporaine
830 0 _aBibliothèque de philosophie contemporaine
_9181027
852 _aES-MaACL
_jB-5577
999 _c102182
_d102182